Phân tích hoạt động kinh doanh

Trọng tâm quyển sách gồm các nội dung : lý luận chung về phân tích và các phương hướng sử dụng, phân tích môi trường và chiến lược kinh doanh, phân tích sử dụng các tiềm năng trong hoạt động kinh doanh, phân tích kết quả hoạt động sản xuấ...

全面介绍

Đã lưu trong:
书目详细资料
主要作者: Phạm, Văn Được
格式: 图书
语言:Undetermined
出版: Hà Nội Thống kê 2007
主题:
标签: 添加标签
没有标签, 成为第一个标记此记录!
Thư viện lưu trữ: Trung tâm Học liệu Trường Đại học Cần Thơ
LEADER 01250nam a2200205Ia 4500
001 CTU_152142
008 210402s9999 xx 000 0 und d
020 |c 60000 
082 |a 658.1511 
082 |b D557 
100 |a Phạm, Văn Được 
245 0 |a Phân tích hoạt động kinh doanh 
245 0 |c Phạm Văn Được, Đặng Kim Cương 
260 |a Hà Nội 
260 |b Thống kê 
260 |c 2007 
520 |a Trọng tâm quyển sách gồm các nội dung : lý luận chung về phân tích và các phương hướng sử dụng, phân tích môi trường và chiến lược kinh doanh, phân tích sử dụng các tiềm năng trong hoạt động kinh doanh, phân tích kết quả hoạt động sản xuất kinh doanh, phân tích biến động chi phí sản xuất kinh doanh, phân tích để ra quyết định ngắn hạn và đầu tư dài hạn trong hoạt động kinh doanh, phân tích các báo cáo tài chính doanh nghiệp. 
650 |a Managerial accounting,Quản lý kế toán 
904 |i Kiều Nguyên 
980 |a Trung tâm Học liệu Trường Đại học Cần Thơ